Investments (Record no. 22149)

MARC details
000 -LEADER
fixed length control field 00683nam a22002777a 4500
003 - CONTROL NUMBER IDENTIFIER
control field IBSLLIB
005 - DATE AND TIME OF LATEST TRANSACTION
control field 20260515085741.0
008 - FIXED-LENGTH DATA ELEMENTS--GENERAL INFORMATION
fixed length control field 260515b |||||||| |||| 00| 0 eng d
020 ## - INTERNATIONAL STANDARD BOOK NUMBER
International Standard Book Number 0256083428
040 ## - CATALOGING SOURCE
Original cataloging agency IBSLLIB
Language of cataloging English
041 ## - LANGUAGE CODE
Language code of original English
082 ## - DEWEY DECIMAL CLASSIFICATION NUMBER
Classification number 332.6
Item number BOD
100 ## - MAIN ENTRY--PERSONAL NAME
Personal name Bodie , Zvi
245 ## - TITLE STATEMENT
Title Investments
250 ## - EDITION STATEMENT
Edition statement 2 nd ed.
260 ## - PUBLICATION, DISTRIBUTION, ETC. (IMPRINT)
Place of publication, distribution, etc. USA :
Name of publisher, distributor, etc. IRWIN
Date of publication, distribution, etc. 1989
300 ## - PHYSICAL DESCRIPTION
Extent 1030 P ;
Dimensions 23 cm
650 ## - SUBJECT ADDED ENTRY--TOPICAL TERM
Topical term or geographic name as entry element Investments
653 ## - INDEX TERM--UNCONTROLLED
Uncontrolled term Portfolio Theory
653 ## - INDEX TERM--UNCONTROLLED
Uncontrolled term Capital Market
653 ## - INDEX TERM--UNCONTROLLED
Uncontrolled term Fixed - Income Securities
653 ## - INDEX TERM--UNCONTROLLED
Uncontrolled term Analysis
700 ## - ADDED ENTRY--PERSONAL NAME
Personal name Kane , Alex ,
Relator term Co- Author
700 ## - ADDED ENTRY--PERSONAL NAME
Personal name Marcus J. Alan ,
Relator term Co Author
942 ## - ADDED ENTRY ELEMENTS (KOHA)
Koha item type Lending Book
Holdings
Withdrawn status Lost status Damaged status Not for loan Collection code Permanent Location Current Location Shelving location Date acquired Source of acquisition Inventory number Full call number Barcode Koha item type
        Lending Collection IBSL Library IBSL Library Lending Section 10/09/2025 Donations 10632 332.6 BOD 10632 Lending Book
Copyright © 2024 IBSL Library, All rights reserved.
mail to: library@ibsl.lk | Contact: 0112425735 | Library Address: IBSL Library, 80A, Elvitigala Mawatha, Colombo 008